|
|
|
|
| LEADER |
00799nam a2200229 a 4500 |
| 001 |
c000076470 |
| 003 |
CARM |
| 005 |
00000000000000.0 |
| 008 |
811217s1982 nyu 00011 eng |
| 019 |
1 |
|
|a 2169479
|5 LACONCORD2021
|
| 020 |
|
|
|a 0312056109 :
|c $14.95
|
| 035 |
|
|
|a (OCoLC)8114399
|5 LACONCORD2021
|
| 050 |
0 |
0 |
|a PS3557.A7174
|b A93 1982
|
| 100 |
1 |
|
|a Garratt, Mary A.
|
| 245 |
1 |
4 |
|a The Asherwood protegee /
|c Mary A. Garratt.
|
| 250 |
|
|
|a 1st ed.
|
| 260 |
|
|
|a New York :
|b St. Martin's Press,
|c c1982.
|
| 300 |
|
|
|a 358 p. ;
|c 22 cm.
|
| 852 |
8 |
|
|b CARM
|h A2:AG27B0
|i B02820
|p 0122969
|f BK
|
| 082 |
0 |
4 |
|a 813/.54
|2 19
|
| 999 |
f |
f |
|i 49fdaf3b-5431-547b-a22f-be0bd011d95a
|s c89f9f1e-3101-597e-b8c1-449cd4afd140
|
| 952 |
f |
f |
|p Can circulate
|a CAVAL
|b CAVAL
|c CAVAL
|d CARM 1 Store
|e B02820
|f A2:AG27B0
|h Other scheme
|i book
|m 0122969
|